000 00590nam a22002297a 4500
003 UA-OsUOA
001 38470
007 ta
008 20071220b un ||||| |||| 00| 0 ukr d
100 _aСимоненко Р.
090 _a94(100+477).09
_bС37
942 _cBK
040 _aUA-OsUOA
_bukr
_cUA-OsUOA
_dUA-OsUOA
245 _aНа утриманні реакції
300 _a140 с.
955 _a1
041 _aukr
080 _a94(100+477).09
260 _aКиїв
_c1977
650 7 _a9 Географія. Біографії. Історія
_2UDC
999 _c436982
_d436982